Más allá de las pensiones contributivas : (Registro nro. 6063)
[ vista simple ]
| 000 -LEADER | |
|---|---|
| fixed length control field | 01080nam a2200265Ia 4500 |
| 003 - CONTROL NUMBER IDENTIFIER | |
| control field | OSt |
| 005 - DATE AND TIME OF LATEST TRANSACTION | |
| control field | 20200824200709.0 |
| 008 - FIXED-LENGTH DATA ELEMENTS--GENERAL INFORMATION | |
| fixed length control field | 191128s2013 ar abd gr 000 0 spa d |
| 040 ## - CATALOGING SOURCE | |
| Original cataloging agency | Co-JMCR |
| Transcribing agency | Co-JMCR |
| 041 0# - LANGUAGE CODE | |
| Language code of text/sound track or separate title | spa |
| 082 04 - DEWEY DECIMAL CLASSIFICATION NUMBER | |
| Classification number | 368.43008 / |
| Item number | R719m |
| Edition number | 23 |
| 100 1# - MAIN ENTRY--PERSONAL NAME | |
| Personal name | Rofman, Rafael, |
| Relator term | editor |
| 9 (RLIN) | 9163 |
| 245 10 - TITLE STATEMENT | |
| Title | Más allá de las pensiones contributivas : |
| Remainder of title | catorce experiencias en América Latina / |
| Statement of responsibility, etc. | Rafael Rofman, Ignacio Apella y Evelyn Vezza, editores |
| 250 ## - EDITION STATEMENT | |
| Edition statement | Primera edición |
| 260 ## - PUBLICATION, DISTRIBUTION, ETC. | |
| Place of publication, distribution, etc. | Buenos Aires : |
| Name of publisher, distributor, etc. | Banco Mundial, |
| Date of publication, distribution, etc. | 2013. |
| 300 ## - PHYSICAL DESCRIPTION | |
| Extent | 496 páginas : |
| Other physical details | gráficos, mapas a blanco y negro ; |
| Dimensions | 24 cm. |
| 504 ## - BIBLIOGRAPHY, ETC. NOTE | |
| Bibliography, etc. note | Bibliografía : páginas 493-494. |
| 505 0# - FORMATTED CONTENTS NOTE | |
| Formatted contents note | Argentina -- Bolivia -- Brasil -- Chile -- Colombia -- Costa Rica -- Ecuador -- El salvador -- México |
| 650 24 - SUBJECT ADDED ENTRY--TOPICAL TERM | |
| Topical term or geographic name entry element | Pensiones contributivas |
| Geographic subdivision | América Latina |
| 9 (RLIN) | 9164 |
| 650 24 - SUBJECT ADDED ENTRY--TOPICAL TERM | |
| Topical term or geographic name entry element | Pensiones contributivas |
| Geographic subdivision | Colombia |
| 9 (RLIN) | 9165 |
| 650 24 - SUBJECT ADDED ENTRY--TOPICAL TERM | |
| Topical term or geographic name entry element | Pensiones contributivas |
| Geographic subdivision | Chile |
| 9 (RLIN) | 9166 |
| 700 1# - ADDED ENTRY--PERSONAL NAME | |
| Personal name | Apella, Ignacio, |
| Relator term | editor |
| 9 (RLIN) | 9167 |
| 700 1# - ADDED ENTRY--PERSONAL NAME | |
| Personal name | Vezza, Evelyn, |
| Relator term | editora |
| 9 (RLIN) | 9168 |
| 942 ## - ADDED ENTRY ELEMENTS (KOHA) | |
| Source of classification or shelving scheme | Dewey Decimal Classification |
| Koha item type | Books |
| Withdrawn status | Lost status | Source of classification or shelving scheme | Materials specified (bound volume or other part) | Damaged status | Not for loan | Home library | Current library | Shelving location | Date acquired | Source of acquisition | Total Checkouts | Total Renewals | Full call number | Barcode | Date last seen | Date last checked out | Copy number | Price effective from | Koha item type |
|---|---|---|---|---|---|---|---|---|---|---|---|---|---|---|---|---|---|---|---|
| Dewey Decimal Classification | Donación -- 15/04/2018-- | Biblioteca Pública José María del Castillo y Rada | Biblioteca Pública José María del Castillo y Rada | General Stacks | 11/28/2019 | Donación | 7 | 11 | 368.43008 / R719m | 430011578 | 09/16/2025 | 09/15/2025 | Ej.1 | 11/28/2019 | Books |